000 01906nam a2200337 i 4500
003 EG-GICUC
005 20260121101226.0
008 251116s2009 ua ||||f |||| 00| 0 ara d
017 _a2008/24694
020 _a978-977-04-5888-6
040 _a EG-GICUC
_bara
_c EG-GICUC
_d EG-GICUC
_erda
041 _aara
082 0 4 _221
_a345
_bع ي . ح
092 0 4 _221
099 _aLaw1 07 345 ع ي . ح 2009
100 0 _aعيد محمد مناحي المنوخ العازمي
_eمؤلف.
245 _aالحماية الإدارية للبيئة :
_bدراسة مقارنة /
_cدكتور عيد محمد مناحي المنوخ العازمي
264 _aالقاهرة :
_bدار النهضة العربية ,
_c2009.
300 _a678صفحة
_c24 سم
336 _2rda content
_atext
337 _2rda media
_aComputer
338 _2rda carrier
_aOnline Resource
504 _a. 663-621ببليوجرافيا: صفحات.
505 _aالبيئة من منظور قانونى - الأجهزة الإدارية المعنية بحماية البينة المبادئ التى تحكم عمدها « مبدأ الوقاية - مبدأ الحيطة - مبدأ الملوث يدفع » حماية البيئة عبر النشاط المرفقى للإدارة - التخطيط البينى - الضرائب البينية دراسات المردود البينى - التوعية البينية - الحوافز البينية الضبط الإداري البينى - الجزاء الإدارى البينى وضماناته صور الجزاءات الإدارية البينية
546 _aالنص أغلبه باللغة العربية بعض النصوص الإنجليزية والفرنسية
650 1 _aالقانون الإداري
_2qrmak
651 1 _2qrmak
856 4 0 _uhttps://fll.law.cu.edu.eg/fulltext/bks/B07-00974.pdf
905 _a74
942 _2ddc
_n0
_cBK
_e21
999 _c43493
_d43493